Baťa inspirace pro Československo
Gespeichert in:
| 1. Verfasser: | |
|---|---|
| Format: | Buch |
| Sprache: | Tschechisch |
| Veröffentlicht: |
Zlín
Nadace Tomáše Bati
2018
|
| Ausgabe: | 1. vydání |
| Schlagworte: | |
| Tags: |
Keine Tags, Fügen Sie das erste Tag hinzu!
|
MARC
| LEADER | 00000nam a2200000 4500 | ||
|---|---|---|---|
| 001 | 0305159 | ||
| 005 | 20250102151441.9 | ||
| 020 | |a 978-80-906540-8-2 | ||
| 041 | 0 | |a cze | |
| 044 | |a CZ | ||
| 245 | 1 | 0 | |a Baťa |b inspirace pro Československo |c Zdeněk Pokluda |
| 250 | |a 1. vydání | ||
| 264 | 1 | |a Zlín |b Nadace Tomáše Bati |c 2018 | |
| 300 | |a 68 s. | ||
| 610 | 2 | 0 | |a podnikatelia |
| 610 | 2 | 0 | |a osobnosť |
| 610 | 2 | 0 | |a životopisy |
| 610 | 2 | 0 | |a myslenie ekonomické |
| 610 | 2 | 0 | |a stratégia podnikateľská |
| 610 | 2 | 0 | |a politika sociálna |
| 610 | 2 | 0 | |a riadenie podnikové |
| 610 | 2 | 0 | |a priemysel obuvnícky |
| 100 | 1 | |a Pokluda, Zdeněk | |